| 000 | 01935cam a22003734a 4500 | ||
|---|---|---|---|
| 001 | 15212549 | ||
| 005 | 20081110174306.0 | ||
| 008 | 080310s2008 enk b 001 0 eng | ||
| 010 | _a2008011114 | ||
| 020 | _a9780230507098 (hbk. : alk. paper) | ||
| 020 | _a0230507093 (hbk. : alk. paper) | ||
| 040 |
_aDLC _cDLC _dDLC |
||
| 043 |
_ae-ie--- _aa-is--- _ae-uk-ni _af-sa--- |
||
| 050 | 0 | 0 |
_aJZ6368 _b.F35 2008 |
| 082 | 0 | 0 |
_a327.172 _222 _bFAI |
| 245 | 0 | 4 |
_aThe Failure of the Middle East Peace Process? : _bA Comparative Analysis of Peace Implementation in Israel/Palestine, Northern Ireland and South Africa / _cedited by Guy Ben-Porat. |
| 260 |
_aHoundmills, Basingstoke, Hampshire ; _aNew York, N.Y. : _bPalgrave Macmillan, _cc2008. |
||
| 300 |
_aix, 279 p. ; _c23 cm. |
||
| 504 | _aIncludes bibliographical references and indexes. | ||
| 650 | 0 |
_aPacific settlement of international disputes _vCase studies. _94397 |
|
| 650 | 0 |
_aConflict management _vCase studies. _94398 |
|
| 650 | 0 |
_aDiplomacy _vCase studies. _94399 |
|
| 650 | 0 |
_aArab-Israeli conflict. _94400 |
|
| 650 | 0 |
_aIrish unification question. _94401 |
|
| 651 | 0 |
_aNorthern Ireland _xHistory _y1994- _94402 |
|
| 651 | 0 |
_aSouth Africa _xPolitics and government _y1989-1994. _94403 |
|
| 700 | 1 |
_aBen-Porat, Guy. _94404 |
|
| 856 | 4 | 2 |
_3Contributor biographical information _uhttp://www.loc.gov/catdir/enhancements/fy0828/2008011114-b.html |
| 856 | 4 | 2 |
_3Publisher description _uhttp://www.loc.gov/catdir/enhancements/fy0828/2008011114-d.html |
| 856 | 4 | 1 |
_3Table of contents only _uhttp://www.loc.gov/catdir/enhancements/fy0828/2008011114-t.html |
| 942 |
_2ddc _cBB |
||
| 999 |
_c11449 _d11449 |
||